header

Traditional industry in the economy of colonial India (Record no. 335)

MARC details
000 -LEADER
fixed length control field 01231nam a2200313 a 4500
082 04 - DEWEY DECIMAL CLASSIFICATION NUMBER
Classification number 338.0954
100 1# - MAIN ENTRY--AUTHOR NAME
Personal name Roy, Tirthankar.
245 10 - TITLE STATEMENT
Title Traditional industry in the economy of colonial India
260 ## - PUBLICATION, DISTRIBUTION, ETC. (IMPRINT)
Place of publication New York :
Name of publisher Cambridge University Press,
Year of publication 1999.
300 ## - PHYSICAL DESCRIPTION
Number of Pages xi, 252 p. :
Other physical details ill., maps.
490 1# - SERIES STATEMENT
Series statement Cambridge studies in Indian history and society ;
650 #0 - SUBJECT ADDED ENTRY--TOPICAL TERM
Topical Term Industries
Topical Term Industrial policy
856 40 - ELECTRONIC LOCATION AND ACCESS
Uniform Resource Identifier http://site.ebrary.com/lib/rucke/Doc?id=10006805

No items available.

© 2026 Rongo University
Contact us: librarian | system librarian | Rongo university